| 000 | 00747cam a2200253 a 4500 | ||
|---|---|---|---|
| 001 | 0000005050 | ||
| 005 | 20170406120319.0 | ||
| 008 | 870121s1987 nyua b 001 0 eng | ||
| 010 | _a 87001660 | ||
| 020 | _a0023317000 | ||
| 035 | _9(DLC) 87001660 | ||
| 040 |
_aDLC _cDLC _dDLC |
||
| 050 | 0 | 0 |
_aQH541 _b.E353 1987 |
| 082 | 0 | 0 |
_a574.5 _219 |
| 100 | 1 | _aEhrlich, Paul R. | |
| 245 | 1 | 4 |
_aThe science of ecology / _cPaul R. Ehrlich, Jonathan Roughgarden. |
| 260 |
_aNew York : _bMacmillan ; _aLondon : _bCollier Macmillan, _cc1987. |
||
| 300 |
_axxv, 710 p : _bill. ; _c25 cm. |
||
| 500 | _aIncludes index. | ||
| 504 | _aBibliography: p. 635-684. | ||
| 650 | 0 | _aEcology. | |
| 700 | 1 | _aRoughgarden, Jonathan. | |
| 908 | _a141201 | ||
| 999 |
_c4854 _d4854 |
||